[Event "XXXIII Abierto Ciudad de Sevilla"]
[Site "?"]
[Date "2008.01.11"]
[Round "8"]
[White "Belezky, A."]
[Black "Lopez Martinez, J."]
[Result "1/2-1/2"]
[WhiteElo "2449"]
[BlackElo "2550"]
[PlyCount "164"]
[EventDate "2008.01.05"]
[SourceDate "2008.01.05"]

1. e4 c5 2. c3 Nf6 3. e5 Nd5 4. d4 cxd4 5. Nf3 Nc6 6. cxd4 g6 7. Bc4 Nb6 8. Bb3
Bg7 9. O-O d6 10. Qe2 O-O 11. h3 Bf5 12. Rd1 Na5 13. e6 Nxb3 14. exf7+ Rxf7 15.
axb3 Qd7 16. Nc3 Qe6 17. Qxe6 Bxe6 18. d5 Bf5 19. Be3 Nd7 20. Ng5 Rff8 21. Ne6
Bxe6 22. dxe6 Ne5 23. Bxa7 Nc6 24. Be3 Rac8 25. Nd5 Bxb2 26. Ra2 Bf6 27. Bh6 (
27. Nb6 Rc7 28. Nd7) 27... Bg7 28. Bg5 Rce8 29. Nc7 Rc8 30. Nd5 Rfe8 31. Rc2
Bf8 (31... h6) 32. b4 $18 Kg7 33. b5 Na7 34. Nc7 Nxb5 35. Nxe8+ Rxe8 36. Be3
Kf6 37. Ra1 $6 (37. Rdc1 Kxe6 38. Rb2 Nc3 39. Rxc3 Bg7 40. Rcb3 Bxb2 41. Rxb2)
37... d5 38. Rc5 Nd6 39. Rxd5 Kxe6 40. Rd3 b5 41. Bf4 Rb8 42. Rb1 Kd7 43. Rdb3
Kc6 44. Rc3+ Kd7 45. Rc5 b4 46. Ra5 Rb7 47. Ra4 b3 48. Be5 Ke6 49. Ba1 Kd5 50.
Kf1 Nc4 51. Rd1+ Kc5 {Diagrama #} 52. Rd8 (52. Ra8) 52... b2 53. Rxc4+ (53.
Bxb2 Nxb2 54. Rc8+ Kb5 55. Ra3 Kb4 56. Rcc3) 53... Kxc4 54. Bxb2 Bh6 55. Be5
Rb5 56. Rd4+ Kb3 57. Re4 Bd2 58. Ke2 Bb4 59. g4 Rd5 60. Bf4 Rd7 61. Be3 Bc3 62.
f4 Kc2 63. g5 Rc7 64. Bb6 Rc6 65. Be3 e6 66. Ra4 e5 67. fxe5 Bxe5 68. Ra7 Bc7
69. Ra8 Re6 70. Rc8 Re7 71. Kf3 Kd3 72. Bf4 Bb6 73. Rc6 Bd4 74. Rc7 Re1 75.
Rxh7 Rf1+ 76. Kg4 Bc5 77. Rc7 Rxf4+ 78. Kxf4 Bd6+ 79. Kg4 Bxc7 80. h4 Bd8 81.
h5 gxh5+ 82. Kxh5 Bxg5 1/2-1/2

[Event "XXXIII Abierto Ciudad de Sevilla"]
[Site "?"]
[Date "2008.01.10"]
[Round "7"]
[White "Lopez Martinez, J."]
[Black "Movsziszian, K."]
[Result "0-1"]
[WhiteElo "2550"]
[BlackElo "2527"]
[PlyCount "128"]
[EventDate "2008.01.05"]
[SourceDate "2008.01.05"]

{Presentada al Premio de Belleza. Comentarios de Movzsizsian} 1. e4 d6 2. d4
Nf6 3. Nc3 g6 4. Be3 c6 5. h3 Nbd7 6. f4 Qa5 $5 (6... b5 {Generalmente las
negras juegan b5.  La jugada Qa5 fue con idea de realizar otra ruptura central
con c5 que en la practica utilizaron pocas veces.}) 7. Qf3 b5 $5 $146 {
Aqui jugaron e5, d5, tambien hay c5.Pero en mi opinion la jugada b5 es mas
fuerte porque las piezas blancas no estan preparadas contra este avance,
ademas, en algunas variantes hay unos golpes tacticos bonitos con b4,b3 y Qa2.}
(7... d5 8. e5 Ne4 9. Bd3 f5 10. Nge2 e6 11. O-O Be7 12. g4 Nf8 $13 {
1-0 Giaccio,A-Rago,S/Buenos Aires 1993/Big NCBase (44)}) (7... e5 8. O-O-O Bg7
9. g4 b5 10. Kb1 b4 11. Nce2 exf4 12. Nxf4 d5 13. e5 Ne4 $13 {
0-1 Matthiesen,M-Czerwonski,A/Aarhus 1998/EXT 2000 (23)}) 8. e5 b4 9. Nd1 (9.
Bd2 $6 bxc3 10. Bxc3 Qd5 11. exf6 Nxf6 $15 {Las negras consiguieron una buena
posicion ya que tengo mejor centro y mi alfil de negras es mas fuerte que el
suyo pues sus peones de d4 y f4 estan en negras , lo molestan y con mi alfil
los podre presionar.}) 9... Nd5 $11 {Consecuente con el plan las negras ya
consiguieron igualar la posicion e incluso podrian estar un poco mejor.} 10.
Bd2 (10. Bd3 $2 b3+ 11. c3 Qxa2 $17) 10... e6 11. c4 {
Intentando expulsar el caballo de su casilla ideal.} bxc3 12. bxc3 dxe5 13.
fxe5 Rb8 14. Bd3 c5 $1 $15 {Despues de esta jugada, cambiare en d4 y mi
caballo de d5 estara muy bien situado porque ya nadie lo podra expulsar.} 15.
Ne2 cxd4 16. cxd4 Bb4 {Esta era la idea de la jugada 10...,e6.} 17. O-O {
Este sacrificio de pieza era psicologico y no creo que las blancas consigan
alguna compensacion.} (17. Bxb4 Qxb4+ 18. Kf2 O-O $15) 17... Bxd2 18. Qxf7+ Kd8
19. Qg7 (19. Qxe6 $5 Nb4 20. Qb3 Nxd3 21. Qxd3 Ba6 22. Qe4 Bb7 23. Qh4+ g5 24.
Qg3 Qd5 $17 {Tras el bloqueo de los peones centrales seria muy dificil para
las blancas encontrar compensacion.}) 19... Re8 20. Qxh7 Ne7 $19 {Habia varias
jugadas en la posicion tales como: 20...,Nf8;20...,g5.  Pero desde mi punto de
vista esta jugada es mas fuerte porque el rey queda mas protegido.} 21. Nf2 (
21. Bxg6 $2 Nf8 $19) 21... Ba6 {
Una jugada tipica, cambiar las piezas activas de las blancas.} 22. Bxa6 Qxa6
23. Ng3 Be3 24. Nge4 Rb2 25. Qh4 Rf8 26. Kh1 g5 {Aqui gaste mucho tiempo
pensando que continuacion elegir; parece que todas las jugadas ganaban Ra2,
Bd4 pero en el ajedrez humano siempre buscamos la forma mas simple de vencer.}
27. Qh6 (27. Qg3 Nf5 28. Qf3 Qe2 {
Cambiando damas y tecnicamente es mas facil ganar.}) 27... Nf5 {
Hay mucha tactica en la posicion.} (27... Bxf2 $2 28. Nc5 $1 $13 {
Con muchas complicaciones a favor de las blancas.}) 28. Qg6 Nxd4 29. Rad1 Kc7
30. Qg7 Bxf2 31. Nc5 Qc6 32. Nxd7 Qxg2+ $6 {
En los apuros pense que asi ganaba mas forzado despistando una jugada.} (32...
Nf5 {Esta era mi primera idea ganando mas facil.} 33. Qxf8 Ng3+ 34. Kh2 Nxf1+
35. Rxf1 Bg3+ 36. Kxg3 Rxg2#) 33. Kxg2 Be1+ 34. Kg1 Ne2+ 35. Kg2 Ng3+ 36. Rf2
Rfxf2+ 37. Kxg3 Rf7+ (37... Rg2+ 38. Kf3 Rg3+ 39. Ke4 Rb4+ 40. Rd4 $18 {
Este es el despiste que he tenido, pensaba que la torre blanca estaba en otro
lado.}) 38. Rxe1 Rxg7 {Despues de esta imprecision la posicion esta igualmente
ganada pero con algunas dificultades tecnicas.} 39. Nf8 Re7 40. Kg4 Rf2 41. Ng6
Rg7 42. Kh5 Rh7+ 43. Kg4 Rg2+ 44. Kf3 Rxa2 {Generalmente, hemos escuchado
mucho sobre como juegan juntos la pareja de torre y caballo o torre y alfil.
En este ejemplo vemos como coordinar dos torres contra las fuerzas del rival.}
45. Kg3 a5 {El resto de la partida no es interesante para analizar, solo
podemos decir que las negras tienen que vigilar algun inesperado jaque doble.}
46. Nf8 Re7 47. Rd1 Rc2 48. Kg4 Rf2 49. Ng6 Rg7 50. Kh5 Rh7+ 51. Kg4 Rg2+ 52.
Kf3 Rb2 53. Kg4 a4 54. Ra1 Rg2+ 55. Kf3 Rh2 56. Kg4 R7xh3 57. Nf8 (57. Rxa4 $2
Rh4+ 58. Nxh4 Rxh4+ 59. Kf3 Rxa4 $19) 57... Rh6 58. Kxg5 Kc6 59. Ng6 Kb5 60.
Nf4 Rh1 61. Ra3 Kb4 62. Rd3 a3 63. Rd8 Rh8 64. Rd4+ Kb5 {Una partida ganada no
tanto por sus temas ajedrecisticos, que por la lucha psicologica que hemos
tenido por el liderazgo del torneo...} 0-1

[Event "XXXIII Abierto Ciudad de Sevilla"]
[Site "?"]
[Date "2008.01.12"]
[Round "9"]
[White "Spraggett, K."]
[Black "Aroshidze, L."]
[Result "1-0"]
[WhiteElo "2588"]
[BlackElo "2535"]
[PlyCount "85"]
[EventDate "2008.01.05"]
[SourceDate "2008.01.05"]

1. e4 c5 2. Nf3 e6 3. d4 cxd4 4. Nxd4 Nc6 5. Nb5 d6 6. c4 Nf6 7. N5c3 Be7 8.
Be2 O-O 9. O-O b6 10. Bf4 Bb7 11. Re1 Ne5 12. Nd2 Rc8 13. Rc1 Qc7 14. Bf1 a6
15. a3 Qb8 16. Bg3 Rfe8 17. b4 Nfd7 18. f4 Ng6 19. Nf3 Rc7 20. Qd2 Qa8 21. Bd3
Rec8 22. h3 Qb8 23. Kh1 Re8 24. Rc2 Rcc8 25. Qe3 Bd8 26. Rcc1 Bc7 27. Bf1 d5
28. cxd5 Nxf4 29. dxe6 Rxe6 30. Nd4 Rg6 31. Nf5 Re8 32. Bh4 Nf6 33. Qf3 h6 34.
Rcd1 Kh8 35. Nd5 (35. g3 Be5 36. Nd5 N4xd5 37. exd5 $11) 35... Rxe4 36. Rxe4
N6xd5 37. Red4 Qa8 {Diagrama #} (37... Nxb4 38. Qxf4 Bxf4 39. Rd8+) 38. Bg3 (
38. Qf2 $15) 38... Rxg3 (38... Rg5 39. Nh4 Rxg3 40. Qxg3 Nxg2 41. Qxc7 Nxc7 42.
Rd8+ Kh7 43. Nxg2 Qa7 44. R1d7 Kg6 45. Kh2 Ne6 46. Re8 a5 47. b5 Nc5 48. Nf4+
$18) 39. Nxg3 (39. Qxg3 Ne6 40. Qh4 Nxd4 41. Qxd4 Qf8 42. Bxa6 $18) 39... g6
40. Qf2 Kg7 41. Ne4 Nh5 42. Rxd5 Bxd5 43. Qd4+ 1-0

[Event "XXXIII Abierto Ciudad de Sevilla"]
[Site "?"]
[Date "2008.01.12"]
[Round "9"]
[White "Korneev, O."]
[Black "Belezky, A."]
[Result "1-0"]
[WhiteElo "2645"]
[BlackElo "2449"]
[PlyCount "68"]
[EventDate "2008.01.05"]
[SourceDate "2008.01.05"]

1. e4 c5 2. Nf3 Nc6 3. d4 cxd4 4. Nxd4 e5 5. Nb5 a6 6. Nd6+ Bxd6 7. Qxd6 Qf6 8.
Qxf6 Nxf6 9. Nc3 Nb4 10. Kd2 d6 11. a3 Nc6 12. Ke1 h6 13. Be3 Be6 14. f3 Ne7
15. Na4 d5 16. Nc5 Bc8 17. Bd3 Nd7 18. Nb3 dxe4 19. fxe4 b6 20. Nd2 Bb7 21. Nc4
$16 Nc8 22. a4 Nf6 23. Nxe5 Bxe4 24. Rd1 Bxd3 25. Rxd3 O-O 26. Nd7 Nxd7 27.
Rxd7 Re8 28. Kf2 b5 29. Ra1 Rb8 30. a5 Ne7 31. Rad1 Rbc8 32. c3 Nc6 33. Bb6 Ne5
34. Rc7 Nc4 {Diagrama #ilegible} 1-0

[Event "XXXIII Abierto Ciudad de Sevilla"]
[Site "?"]
[Date "2008.01.12"]
[Round "9"]
[White "Burmakin, V."]
[Black "Zhao, Z."]
[Result "1/2-1/2"]
[WhiteElo "2611"]
[BlackElo "2487"]
[PlyCount "52"]
[EventDate "2008.01.05"]
[SourceDate "2008.01.05"]

1. Nf3 Nf6 2. c4 c6 3. d4 d5 4. e3 Bf5 5. Nc3 a6 6. Qb3 b5 7. cxd5 cxd5 8. Ne5
e6 9. Bd3 Bxd3 10. Nxd3 Bd6 11. Bd2 O-O 12. Rc1 Nbd7 13. Ne2 Nb6 14. Bb4 Nc4
15. Bxd6 Qxd6 16. Qd1 Rfc8 17. O-O a5 18. b3 Na3 19. Qd2 b4 20. Rxc8+ Rxc8 21.
Rc1 Qb8 22. Nc5 Qb5 23. Nf4 Nd7 24. Nfd3 Nxc5 25. Nxc5 h6 26. f3 e5 {
Diagrama #ilegible} 1/2-1/2

[Event "XXXIII Abierto Ciudad de Sevilla"]
[Site "?"]
[Date "2008.01.12"]
[Round "9"]
[White "Lopez Martinez, J."]
[Black "Escobar Forero, C."]
[Result "1-0"]
[WhiteElo "2550"]
[BlackElo "2461"]
[PlyCount "83"]
[EventDate "2008.01.05"]
[SourceDate "2008.01.05"]

1. e4 c5 2. Nf3 Nc6 3. Bb5 d6 4. Bxc6+ bxc6 5. O-O Bg4 6. h3 Bh5 7. c3 Nf6 8.
Re1 e5 9. d4 Nd7 10. Nbd2 Be7 11. dxe5 dxe5 12. Nf1 O-O 13. Ng3 Bg6 14. Nf5 Re8
15. Nd2 Bf8 16. Nc4 Qc7 17. Qg4 Rad8 18. h4 Kh8 19. Qf3 f6 20. Nce3 Bf7 21. Qe2
Nb6 22. h5 c4 23. g3 (23. h6 g6 24. Ng7 Bxg7 25. hxg7+ Kxg7 26. Ng4 h5 27. Bh6+
Kh7 28. Nxf6+ Kxh6 29. Nxe8 Rxe8 30. Rad1 $15) 23... Be6 24. Kg2 (24. Ng4)
24... Qf7 $15 25. Nh4 (25. h6 g6 26. Ng7 Bxg7 27. hxg7+ Kxg7 28. Rh1 f5 $15)
25... Na4 $17 26. Nef5 Nc5 27. Qg4 Nd3 28. Re2 Bxf5 (28... Bc5) 29. Qxf5 Rb8 (
29... Bc5) 30. Rb1 (30. Ng6+ Kg8 31. Nxf8 Rxf8 32. Rb1 $15) 30... Bc5 31. Qf3 (
31. Qg4) 31... Bxf2 $19 32. Bg5 Rb7 33. Bd2 Bc5 34. b3 a5 35. Rf1 Rf8 36. bxc4
Rd7 37. Qg4 Rfd8 38. Bg5 {Diagrama #} Qxc4 $2 (38... h6 $19) 39. Rxf6 $1 Nf4+ (
39... Be7 40. Rf5 Bxg5 41. Rxg5 Nc1 42. Rf2 Nd3 43. Re2 Nc1 $11) 40. gxf4 $2 (
40. Rxf4 exf4 41. Bxd8 Rxd8 42. gxf4) 40... Qxe2+ $2 (40... Rd2 41. Rxd2 Rxd2+
$19) 41. Qxe2 Rd2 42. Kf1 1-0

[Event "XXXIII Abierto Ciudad de Sevilla"]
[Site "?"]
[Date "2008.01.12"]
[Round "9"]
[White "Barria, D."]
[Black "Matamoros, C."]
[Result "1/2-1/2"]
[WhiteElo "2427"]
[BlackElo "2529"]
[PlyCount "24"]
[EventDate "2008.01.05"]
[SourceDate "2008.01.05"]

1. d4 d5 2. c4 e6 3. Nf3 Nf6 4. Nc3 Be7 5. Bg5 h6 6. Bh4 O-O 7. e3 Ne4 8. Bxe7
Qxe7 9. Rc1 c6 10. Bd3 Nxc3 11. Rxc3 dxc4 12. Bxc4 Nd7 1/2-1/2

[Event "XXXIII Abierto Ciudad de Sevilla"]
[Site "?"]
[Date "2008.01.12"]
[Round "9"]
[White "Teran Alvarez, I."]
[Black "Mirzoev, A."]
[Result "0-1"]
[WhiteElo "2404"]
[BlackElo "2518"]
[PlyCount "108"]
[EventDate "2008.01.05"]
[SourceDate "2008.01.05"]

1. e4 e5 2. Nf3 Nc6 3. Bb5 a6 4. Ba4 d6 5. O-O Bd7 6. c3 g6 7. d4 Bg7 8. d5
Nce7 9. c4 Nf6 10. Bxd7+ Nxd7 11. Be3 O-O 12. Nc3 h6 13. Nd2 f5 14. f3 Kh7 15.
b4 b6 16. c5 bxc5 17. bxc5 Nxc5 18. Bxc5 dxc5 19. Nc4 Nc8 20. Na4 Qe7 21. Na5
fxe4 22. fxe4 Nb6 23. Qc2 Nxa4 24. Qxa4 h5 25. Qc2 h4 26. Qd3 Bh6 27. Nc4 Bf4
28. Qh3 Rab8 29. a3 Kg7 30. Qc3 Rbe8 31. Rab1 Kh6 32. Qh3 Bg5 33. Rxf8 Rxf8 34.
Qd3 Bf4 35. Rf1 Kg7 36. Rf3 Rb8 37. Rf1 Qg5 38. Qh3 Rf8 39. Rb1 Rf7 40. Rf1 Qh5
41. Qd3 Qg4 42. Kh1 Rf8 43. Rf3 Rb8 44. Rf1 Kh6 45. Rd1 a5 {Diagrama #} 46. h3
$2 Qg3 47. Qxg3 hxg3 $19 48. Kg1 a4 49. Kf1 Rb3 50. d6 cxd6 51. Rxd6 Rc3 52.
Nb6 Rxa3 53. Rc6 Ra2 54. Nd5 a3 0-1

[Event "XXXIII Abierto Ciudad de Sevilla"]
[Site "?"]
[Date "2008.01.12"]
[Round "9"]
[White "Ivanov, J."]
[Black "Komljenovic, D."]
[Result "1-0"]
[WhiteElo "2371"]
[BlackElo "2482"]
[PlyCount "99"]
[EventDate "2008.01.05"]
[SourceDate "2008.01.05"]

1. d4 Nf6 2. c4 g6 3. Nc3 Bg7 4. e4 d6 5. h3 O-O 6. Nf3 Na6 7. Bg5 Qe8 8. Be2
e5 9. d5 Nc5 10. Nd2 a5 11. g4 Bd7 12. Be3 Qb8 $6 {Diagrama #} 13. h4 c6 (13...
Bxg4 14. Bxg4 Nd3+ 15. Ke2 Nxb2 16. Qb3 Nxg4 17. Qxb2 f5 18. Rag1 Qc8 19. Bg5
h6 20. f3 $16) 14. g5 Ne8 15. h5 $18 Nc7 16. Nb3 Nxb3 17. Qxb3 c5 18. a4 Na6
19. O-O-O Nb4 20. Rdg1 Re8 21. Qd1 Re7 22. Kd2 Qc7 23. Bg4 Bxg4 24. Rxg4 Rd8
25. Qe1 b6 26. Nb5 Qb7 27. Rgh4 Bf8 28. R1h2 Rdd7 29. Qh1 Rd8 30. b3 Rdd7 31.
Nc3 Rd8 32. f3 Rdd7 33. Nd1 Na6 34. Nf2 Nc7 35. Ng4 Ne8 36. Kd3 Rd8 37. f4 exf4
38. Bxf4 Rdd7 39. Nf6+ Nxf6 40. gxf6 Re8 41. Qc1 Qb8 42. Qg1 Qc7 43. hxg6 fxg6
44. Rxh7 Rxh7 45. Qxg6+ Kh8 46. Rxh7+ Qxh7 47. Qxe8 Qh3+ 48. Be3 Kg8 49. Qe6+
Qxe6 50. dxe6 1-0

[Event "XXXIII Abierto Ciudad de Sevilla"]
[Site "?"]
[Date "2008.01.12"]
[Round "9"]
[White "Berbatov, K."]
[Black "Narciso Dublan, M."]
[Result "1/2-1/2"]
[WhiteElo "2195"]
[BlackElo "2513"]
[PlyCount "75"]
[EventDate "2008.01.05"]
[SourceDate "2008.01.05"]

1. e4 e6 2. d4 d5 3. e5 c5 4. c3 Qb6 5. Nf3 Nc6 6. a3 Nh6 7. b4 cxd4 8. cxd4
Nf5 9. Be3 f6 10. exf6 gxf6 11. Nc3 Bg7 12. Bd3 Nxe3 13. fxe3 O-O 14. O-O Qd8
15. Ng5 f5 16. Qh5 h6 17. Nf3 Bd7 18. Kh1 Qe8 19. Qh4 Qe7 20. Qg3 Rac8 21. Rac1
a6 22. Ne2 e5 23. dxe5 Nxe5 24. Nxe5 Qxe5 25. Nf4 Rxc1 26. Rxc1 Rc8 27. Rxc8+
Bxc8 28. Qf3 d4 29. exd4 Qxd4 30. Nd5 Qa1+ 31. Bf1 Kh7 {Diagrama #} 32. g4 $2
Bd7 33. Kg2 (33. Qd3) 33... Qb2+ 34. Be2 Qd2 $2 (34... Kh8 $19) 35. Kf1 Qc1+
36. Kg2 Qd2 37. Kf1 Qc1+ 38. Kg2 1/2-1/2

[Event "XXXIII Abierto Ciudad de Sevilla"]
[Site "?"]
[Date "2008.01.12"]
[Round "9"]
[White "Fernandez Romero, E."]
[Black "Herrera Delgado, A."]
[Result "1-0"]
[WhiteElo "2462"]
[BlackElo "2156"]
[PlyCount "93"]
[EventDate "2008.01.05"]
[SourceDate "2008.01.05"]

1. e4 c5 2. b3 Nc6 3. Bb2 d5 4. e5 d4 5. f4 e6 6. Nf3 Nge7 7. g3 h5 8. Bg2 Nf5
9. O-O Be7 10. a4 Rb8 11. Na3 a6 12. Qe2 g6 13. Nc4 b5 14. axb5 axb5 15. Nh4
Nb4 16. Nxf5 gxf5 17. Na5 d3 18. cxd3 Qxd3 19. Qf2 Bd7 20. Rac1 Bd8 21. Rc3 Qd4
22. Nb7 Qxf2+ 23. Kxf2 Bb6 24. Ke2 Bc6 25. Bxc6+ Nxc6 26. Nd6+ Ke7 27. Nxb5
Nd4+ 28. Nxd4 cxd4 29. Rc6 Rhd8 30. Ba3+ Ke8 31. Bd6 Rb7 32. Ra1 Kd7 33. Rc4
Rc8 34. Kd3 h4 35. Rxc8 Kxc8 36. gxh4 Bd8 37. b4 Bxh4 38. Kxd4 Kd7 39. Kc5 f6
40. b5 fxe5 41. fxe5 f4 42. Rf1 Bg5 43. b6 f3 44. Rxf3 Bxd2 45. Bc7 Ba5 {
Diagrama #} 46. Rd3+ Ke7 47. Kc6 1-0

[Event "XXXIII Abierto Ciudad de Sevilla"]
[Site "?"]
[Date "2008.01.12"]
[Round "9"]
[White "Roeder, M."]
[Black "Lanzani, M."]
[Result "1/2-1/2"]
[WhiteElo "2461"]
[BlackElo "2349"]
[PlyCount "138"]
[EventDate "2008.01.05"]
[SourceDate "2008.01.05"]

1. Nf3 d5 2. c4 e6 3. b3 a5 4. e3 Be7 5. Bb2 Bf6 6. Nc3 Ne7 7. d4 c5 8. cxd5
cxd4 9. Ne4 Nxd5 10. Nxf6+ Nxf6 11. Nxd4 O-O 12. Ba3 Re8 13. Nb5 Qb6 14. Qd6
Qxd6 15. Bxd6 Na6 16. Bd3 Bd7 17. O-O Rec8 18. a4 Nb4 19. Bxb4 Bxb5 20. Bxb5
axb4 21. Rfd1 Rc3 22. Rab1 Rc2 23. Rd4 Nd5 24. Re1 Rac8 25. g3 g6 26. e4 Nc3
27. Rxb4 Nxb5 28. Rxb5 R8c7 29. e5 g5 30. h3 Rb2 31. Re3 h5 32. Kg2 Kg7 33. g4
h4 34. Rb6 Rcc2 35. Rf3 Rc7 36. Rd6 (36. b4) 36... Re2 37. Re3 Rb2 (37... Rxe3
38. fxe3 Rc2+) 38. Rdd3 Rcc2 39. Rf3 Rc7 40. Rc3 Re7 41. Rfd3 b5 (41... f5) 42.
axb5 Re2 43. Re3 $18 Rd2 44. Rc5 Rb7 45. Rec3 Re2 46. Rd3 Re1 47. Rd8 Re2 48.
Kf1 Re4 49. f3 (49. Re8) 49... Re3 50. Kf2 Rxb3 51. Rcc8 f5 52. Rg8+ Kh6 53.
Rh8+ {Diagrama #} (53. gxf5) 53... Kg7 54. Rcg8+ Kf7 55. Rf8+ Kg7 56. Rfg8+ Kf7
57. gxf5 Rb2+ 58. Ke3 Rb3+ 59. Ke2 Rb2+ 60. Kd3 Rb3+ 61. Kc4 R7xb5 62. fxe6+
Kxe6 63. Re8+ Kf7 64. Rhf8+ Kg7 65. Rg8+ Kf7 66. Ref8+ Ke6 67. Re8+ Kf7 68.
Rgf8+ Kg7 69. Rg8+ Kf7 1/2-1/2

[Event "XXXIII Abierto Ciudad de Sevilla"]
[Site "?"]
[Date "2008.01.12"]
[Round "9"]
[White "Lariño Nieto, D."]
[Black "Medina Carrasco, S."]
[Result "1-0"]
[WhiteElo "2439"]
[BlackElo "2213"]
[PlyCount "133"]
[EventDate "2008.01.05"]
[SourceDate "2008.01.05"]

1. e4 c6 2. d4 d5 3. e5 Bf5 4. Nd2 e6 5. Nb3 Nd7 6. Be3 a6 7. Nf3 Qc7 8. Be2 h6
9. O-O Ne7 10. Rc1 Bh7 11. Bd2 c5 12. Nxc5 Nxc5 13. dxc5 Nc6 14. b4 Be7 15. Re1
O-O 16. Bd3 b6 17. cxb6 Qxb6 18. Bxh7+ Kxh7 19. a3 Rfd8 20. c3 Kg8 21. Nd4 Nxd4
22. Be3 Qc6 23. Bxd4 Rdc8 24. Qd3 Qa4 25. Qd1 Qc6 26. g3 Qc4 27. Qe2 a5 28.
Qxc4 Rxc4 29. Rcd1 Kf8 30. Kf1 Ke8 31. Ke2 axb4 32. axb4 Ra2+ 33. Ke3 Ra3 34.
Rd3 Kd7 35. Rb1 Kc6 36. Kd2 Ra2+ 37. Kc1 Bg5+ 38. f4 Be7 39. Rd2 Ra4 40. Rdb2
Kb5 41. Kc2 Ra3 42. Rb3 Ra2+ 43. R3b2 Ra3 44. g4 Bd8 45. Rb3 Ra2+ 46. R1b2 Ra1
47. Kd3 Bb6 48. Bxb6 Kxb6 49. Rf2 Rg1 50. g5 hxg5 51. fxg5 Rxg5 52. Rxf7 Rxe5
53. Rxg7 Rh5 54. Rb2 Rch4 55. Re2 e5 56. Rg6+ Kb5 57. Rd6 d4 58. Rd5+ Ka4 59.
cxd4 {Diagrama #} Kxb4 60. dxe5 Rh3+ 61. Kd4 R3h4+ 62. Re4 Rxe4+ 63. Kxe4 Rxh2
64. e6 Kc4 65. Re5 Rh4+ 66. Kf5 Kd4 67. Re1 1-0

[Event "XXXIII Abierto Ciudad de Sevilla"]
[Site "?"]
[Date "2008.01.12"]
[Round "9"]
[White "Muratet Casadevall, A."]
[Black "Pogorelov, R."]
[Result "0-1"]
[WhiteElo "2198"]
[BlackElo "2396"]
[PlyCount "120"]
[EventDate "2008.01.05"]
[SourceDate "2008.01.05"]

1. e4 c5 2. c3 Nf6 3. e5 Nd5 4. Nf3 e6 5. d4 cxd4 6. cxd4 d6 7. Bb5+ Bd7 8.
Bxd7+ Nxd7 9. O-O dxe5 10. dxe5 Be7 11. Qe2 O-O 12. Bd2 N7b6 13. Rd1 Rc8 14.
Nc3 Nxc3 15. Bxc3 Nd5 16. Rac1 Qb6 17. g3 Nxc3 18. Rxc3 Rxc3 19. bxc3 Qc6 20.
Rb1 b6 21. Nd4 Qxc3 22. Nb5 Qa5 23. Rd1 Bc5 24. Rd7 a6 25. Nd6 Qc3 26. Ra7 a5
27. Nb5 Qb4 28. Kg2 g6 29. h4 h5 30. Rd7 Qb1 31. Nc3 Qf5 32. Rd3 Be7 33. Rf3
Qg4 34. Qb5 Qb4 35. Qd7 Bc5 36. Nb5 Qe4 37. Nd6 Qd5 38. Qe7 b5 39. Qc7 Qxe5 40.
Nxb5 Qxc7 41. Nxc7 Rc8 42. Nb5 Be7 43. Rc3 Rxc3 44. Nxc3 Bb4 45. Ne4 Kf8 46.
Kf3 Ke7 47. Ke2 f5 48. Ng5 e5 49. Kd3 Bc5 50. Ke2 Kd6 51. Nf7+ Ke6 52. Nd8+ Kf6
53. Nb7 Bb6 54. Nd6 Ke6 55. Nc4 Bc7 56. Kd3 Kd5 57. Ne3+ Kc5 58. Kc3 a4 59. f3
e4 60. f4 Ba5+ {Diagrama #} 0-1

[Event "XXXIII Abierto Ciudad de Sevilla"]
[Site "?"]
[Date "2008.01.12"]
[Round "9"]
[White "Razmyslov, A."]
[Black "Carretero Ortiz, F."]
[Result "1/2-1/2"]
[WhiteElo "2392"]
[BlackElo "2233"]
[PlyCount "34"]
[EventDate "2008.01.05"]
[SourceDate "2008.01.05"]

1. e4 d5 2. exd5 Nf6 3. d4 Nxd5 4. Nf3 Bf5 5. Bd3 Bxd3 6. Qxd3 e6 7. O-O c6 8.
c4 Nf6 9. Nc3 Be7 10. Bf4 O-O 11. Rad1 Nbd7 12. Ne5 Qa5 13. Qe2 Rfd8 14. Rd3
Nxe5 15. Bxe5 Nd7 16. Bg3 Nf6 17. Be5 {Diagrama #} Nd7 1/2-1/2

[Event "XXXIII Abierto Ciudad de Sevilla"]
[Site "?"]
[Date "2008.01.12"]
[Round "9"]
[White "Chasovnikova, E."]
[Black "Garcia Luque, A."]
[Result "0-1"]
[WhiteElo "2184"]
[BlackElo "2387"]
[PlyCount "112"]
[EventDate "2008.01.05"]
[SourceDate "2008.01.05"]

1. d4 Nf6 2. Nf3 g6 3. c4 Bg7 4. Nc3 d6 5. e4 O-O 6. h3 Na6 7. Bg5 Qe8 8. Be2
e5 9. d5 Nh5 10. g4 Nf4 11. Qd2 f5 12. gxf5 gxf5 13. O-O-O fxe4 14. Nxe4 Bf5
15. Nc3 Nxe2+ 16. Qxe2 Qh5 17. Rdg1 Nb4 18. Rg3 Nd3+ 19. Kd2 Bg6 20. Rhg1 Nxb2
21. Ne4 Nxc4+ 22. Ke1 Nb6 23. Rg4 Nxd5 24. R1g3 Nf4 25. Qe3 d5 26. Nc5 d4 27.
Qb3+ Kh8 28. Nd7 Nd3+ 29. Kf1 e4 30. Nxf8 Rxf8 31. Rh4 Qxf3 32. Rxf3 Rxf3 33.
Qxb7 Rxf2+ 34. Kg1 e3 35. Rf4 h6 36. Rxf2 exf2+ 37. Kf1 hxg5 38. Qxc7 Bf5 39.
Qb8+ Kh7 40. Qg3 Bf6 41. a4 Kh6 42. Qf3 Kg6 43. a5 Ne5 44. Qb3 Nd3 45. Qg8+ Kh5
{Diagrama #} 46. Ke2 Bxh3 47. Qf7+ Kg4 48. Qd7+ Kg3 49. Qd6+ Nf4+ 50. Kd2 f1=Q
51. Qxf6 Qd3+ 52. Kc1 Ne2+ 53. Kb2 Qc3+ 54. Kb1 Qb3+ 55. Ka1 Qa4+ 56. Kb2 Qb5+
0-1

[Event "XXXIII Abierto Ciudad de Sevilla"]
[Site "?"]
[Date "2008.01.12"]
[Round "9"]
[White "Perez Garcia, R."]
[Black "Vehi Bach, V."]
[Result "0-1"]
[WhiteElo "2153"]
[BlackElo "2373"]
[PlyCount "86"]
[EventDate "2008.01.05"]
[SourceDate "2008.01.05"]

1. d4 Nf6 2. c4 e6 3. Nc3 Bb4 4. Qc2 O-O 5. a3 Bxc3+ 6. Qxc3 d6 7. Bg5 Nbd7 8.
Nf3 b6 9. g3 h6 10. Bxf6 Nxf6 11. Bg2 Bb7 12. O-O c5 13. dxc5 bxc5 14. Rfd1 a5
15. b3 Qb6 16. Ne1 Bxg2 17. Kxg2 a4 18. Rab1 axb3 19. Rxb3 Qc6+ 20. Kg1 Ra4 21.
Nd3 Ne4 22. Qc2 Rfa8 23. Ra1 d5 24. Nb2 R4a7 25. a4 d4 26. Rb5 Nc3 27. Rb3 e5
28. Raa3 Ra5 29. f3 Rb8 30. Rxc3 dxc3 31. Qxc3 Ra6 32. Nd3 e4 33. fxe4 Rxa4 34.
Rxa4 Qxa4 35. Qe5 Rb1+ 36. Kf2 Qxc4 {Diagrama #} 37. Nxc5 Qc1 38. Qe8+ Kh7 39.
Nd3 Qg1+ 40. Kf3 Rf1+ 41. Kg4 Qxh2 42. Nf4 h5+ 43. Kf5 Qxg3 0-1

[Event "XXXIII Abierto Ciudad de Sevilla"]
[Site "?"]
[Date "2008.01.12"]
[Round "9"]
[White "Romero Romero, S."]
[Black "Campora, D."]
[Result "0-1"]
[WhiteElo "2053"]
[BlackElo "2535"]
[PlyCount "65"]
[EventDate "2008.01.05"]
[SourceDate "2008.01.05"]

1. c4 e5 2. g3 Nf6 3. Bg2 c6 4. d4 e4 5. Nc3 Bb4 6. Bd2 Qe7 7. Qb3 Bxc3 8. Bxc3
O-O 9. Nh3 Re8 10. d5 cxd5 11. cxd5 d6 12. O-O Nbd7 13. Kh1 Nc5 14. Qd1 a5 15.
Qd4 b5 16. b4 axb4 17. Bxb4 Ra4 18. Qb2 Nxd5 19. Bxc5 dxc5 20. Qxb5 Bd7 21. Qb3
c4 22. Qb7 Ra5 23. Ng5 Nf6 24. f4 h6 25. Rad1 hxg5 26. fxg5 Rxg5 27. Rxf6 Qxf6
28. Qxd7 Qe7 29. Qd4 Rc5 30. Rc1 {Diagrama #} Qe5 31. e3 c3 32. Kg1 Qc7 33.
Bxe4 0-1